| 000 | 00690nam a2200217 a 4500 | ||
|---|---|---|---|
| 005 | 20240910063920.0 | ||
| 008 | 991125s1950 ag 000 0 spa u | ||
| 035 | _aUPN01000052298 | ||
| 049 | _aCG | ||
| 050 | 4 |
_aPN335 _bG7.7 |
|
| 100 | 1 |
_aGrimm, Wilhelm, _d1786-1859 _932345 |
|
| 245 | 1 | 3 |
_aEl rey cuervo / _ccuento de Guillermo Carlos y Luis Jacobo Grimm. |
| 260 |
_aBuenos Aires : _bTor, _c[1950?]. |
||
| 300 |
_a63 p. : _bil |
||
| 440 | 0 |
_aBiblioteca infantil la abeja ; _v31 |
|
| 500 | _aDisponible en la Colección Medina | ||
| 650 | 4 |
_aCuentos infantiles alemanes _98589 |
|
| 650 | 0 |
_aCuentos de hadas _95259 |
|
| 700 | 1 |
_aGrimm, Jakob, _d1785-1863 _ecoaut. _932344 |
|
| 905 | _aLibro | ||
| 999 |
_c52298 _d52298 |
||